| 000 | 00901nam a2200229Ia 4500 | ||
|---|---|---|---|
| 003 | GCL | ||
| 008 | 140319s9999 xx 000 0 ara d | ||
| 040 |
_aGCL / _cGCL |
||
| 082 | 0 | 4 |
_aق _b962.064 _bس م |
| 100 | 1 | _aسعد زغلول فؤاد | |
| 245 | 1 | 0 |
_aمعركة القنال ( او حرب العصابات ) دفاع عن السلام / _cسعد زغلول فؤاد |
| 260 |
_aالقاهرة : _bدار السلام للطباعة والنشر والتوزيع ، _c1956 |
||
| 300 |
_a167 ص ؛ _c19 سم |
||
| 490 |
_a100 قصة _v0 |
||
| 650 | 0 | 4 | _aالمقاومة الشعبية |
| 650 | 0 | 4 | _aحرب العصابات |
| 650 | 0 | 4 | _aمصر - حزب الوفد |
| 650 | 0 | 4 | _aمصر - تاريخ - العصر الحديث - جمال عبدالناصر ( 1954-1970 ) |
| 650 | 0 | 4 | _aقناة السويس - تاريخ |
| 650 | 0 | 4 | _aمصر القديمة - تاريخ |
| 942 |
_2ddc _cBK |
||
| 999 |
_c45571 _d45571 |
||